000 00400nam a22001697a 4500
003 NUST - PNEC
005 20170116181154.0
008 160107b xxu||||| |||| 00| 0 eng d
020 _a-
040 _cLIBRARY
082 _a955 MON
100 _915740
_aMOHAMMED HEIKAL
245 _aReturn of the Ayatollah
_cHEIKAL MOHAMMED
260 _cc1981.
650 _915741
_a-
_x-
942 _2ddc
_cBK
999 _c71111
_d71111